| 000 -LEADER |
| fixed length control field |
00677nam a22001937a 4500 |
| 003 - CONTROL NUMBER IDENTIFIER |
| control field |
OSt |
| 005 - DATE AND TIME OF LATEST TRANSACTION |
| control field |
20190102073542.0 |
| 008 - FIXED-LENGTH DATA ELEMENTS--GENERAL INFORMATION |
| fixed length control field |
180305b xxu||||| |||| 00| 0 spa d |
| 040 ## - CATALOGING SOURCE |
| Transcribing agency |
PJ |
| 100 ## - ASIENTO PRINCIPAL - NOMBRE DE PERSONA |
| Personal name |
García de Enterría, Eduardo |
| 9 (RLIN) |
174 |
| 245 13 - MENCIÓN DE TÍTULO |
| Título propiamente dicho |
La lucha contra las inmunidades del poder en el derecho administrativo : |
| Parte restante del título |
(poderes discrecionales, poderes de gobierno, poderes normativos) / |
| Mención de responsabilidad, etc |
Eduardo García de Enterría. |
| 250 ## - EDITION STATEMENT |
| Edition statement |
3a. ed. |
| 260 ## - PUBLICATION, DISTRIBUTION, ETC. (IMPRINT) |
| Place of publication, distribution, etc |
Madrid : |
| Name of publisher, distributor, etc |
Civitas, |
| Date of publication, distribution, etc |
1983. |
| 300 ## - DESCRIPCION FISICA |
| Extent |
99 p. |
| Dimensions |
18 cm. |
| 490 ## - MENCION DE SERIE |
| Mención de Serie |
Cuadernos Civitas |
| 500 ## - NOTA GENERAL |
| General note |
Notas y citas a pie de página. |
| 650 #0 - ASIENTO SECUNDARIO DE MATERIA - TERMINO TEMATICO |
| Topical term or geographic name as entry element |
DERECHO ADMINISTRATIVO |
| 9 (RLIN) |
211 |
| 942 ## - ADDED ENTRY ELEMENTS (KOHA) |
| Source of classification or shelving scheme |
|
| Koha item type |
Libros |
| Classification part |
342.9 |
| Item part |
GAR |